Explorers of Australia
Tallennettuna:
| Päätekijä: | |
|---|---|
| Aineistotyyppi: | Kirja |
| Kieli: | English |
| Julkaistu: |
Australia
Allen & Unwin
1996
|
| Aiheet: | |
| Tagit: |
Lisää tagi
Ei tageja, Lisää ensimmäinen tagi!
|
| Thư viện lưu trữ: | Trung tâm Học liệu Lê Vũ Hùng, Trường Đại học Đồng Tháp |
|---|
| LEADER | 00727pam a22002538a 4500 | ||
|---|---|---|---|
| 001 | 00023924 | ||
| 005 | 20171026081025.0 | ||
| 008 | 110702s1996 ||||||engsd | ||
| 020 | # | # | |a 1864481013 |
| 041 | 0 | # | |a eng |
| 082 | 1 | 4 | |a 919.4004 |b E200X |
| 100 | 1 | # | |a Nicholson, John |
| 245 | 1 | 0 | |a Explorers of Australia |c John Nicholson |
| 260 | # | # | |a Australia |b Allen & Unwin |c 1996 |
| 300 | # | # | |a 40 p. |b ill. |c 27 cm. |
| 504 | # | # | |a Includes index |
| 650 | # | 4 | |a Australia |
| 650 | # | 4 | |a Du hành |
| 650 | # | 4 | |a Khám phá |
| 650 | # | 4 | |a Thám hiểm |
| 852 | # | # | |b Kho đọc |j KD.0008971 |
| 852 | # | # | |j KD.0008971 |
| 910 | 0 | # | |a Ntuyet |d 02/07/2011 |
| 980 | # | # | |a Trung tâm Học liệu Lê Vũ Hùng, Trường Đại học Đồng Tháp |


